[Event "Rostov Region-ch op"]
[Site "Rostov on Don"]
[Date "2011.10.20"]
[Round "4.26"]
[White "Tkachenko, Evgeny"]
[Black "Nikolaeva, Elena"]
[Result "1/2-1/2"]
[WhiteElo "1823"]
[BlackElo "1771"]
[PlyCount "37"]
[EventDate "2011.10.20"]
[EventType "swiss"]
[EventRounds "9"]
[EventCountry "RUS"]
[SourceTitle "EXT 2022"]
[Source "ChessBase"]
[SourceDate "2021.10.06"]
[SourceVersion "1"]
[SourceVersionDate "2021.10.06"]
[SourceQuality "1"]

1. d4 Nf6 2. c4 g6 3. Nf3 Bg7 4. g3 0-0 5. Bg2 d6 6. Nc3 Nbd7 7. 0-0 e5 8. dxe5 Nxe5 9. Nxe5 dxe5 10. Qxd8 Rxd8 11. Bg5 Rd4 12. b3 c6 13. e3 Rd3 14. Rad1 Bf5 15. Rxd3 Bxd3 16. Rd1 Bf5 17. e4 Be6 18. Be3 Bf8 19. f3 1/2-1/2

[Event "Rostov Region-ch op"]
[Site "Rostov on Don"]
[Date "2011.10.20"]
[Round "3.25"]
[White "Tkachenko, Evgeny"]
[Black "Pavlov, Nikolay1111"]
[Result "0-1"]
[WhiteElo "1823"]
[BlackElo "2044"]
[PlyCount "72"]
[EventDate "2011.10.20"]
[EventType "swiss"]
[EventRounds "9"]
[EventCountry "RUS"]
[SourceTitle "EXT 2022"]
[Source "ChessBase"]
[SourceDate "2021.10.06"]
[SourceVersion "1"]
[SourceVersionDate "2021.10.06"]
[SourceQuality "1"]

1. d4 Nf6 2. c4 g6 3. Nf3 Bg7 4. g3 0-0 5. Bg2 d6 6. Nc3 Nc6 7. 0-0 Rb8 8. b3 a6 9. Bb2 Bd7 10. e4 Bg4 11. h3 Bxf3 12. Bxf3 Nd7 13. Ne2 e5 14. Rb1 Qe7 15. d5 Nd8 16. Bg2 f5 17. exf5 gxf5 18. f4 e4 19. Bxg7 Qxg7 20. Qd4 Nf6 21. Kh2 h5 22. c5 Nf7 23. Rbc1 Kh7 24. Rc3 Rg8 25. Rfc1 Rbc8 26. c6 b6 27. Rd1 Rce8 28. Re3 Qg6 29. Qb2 h4 30. Qc3 Rg7 31. Bh1 Qh6 32. gxh4 Qxh4 33. Rg3 Reg8 34. Qe1 Rxg3 35. Nxg3 Qxf4 36. Rd2 Rxg3 0-1

[Event "Moscow op-E"]
[Site "Moscow"]
[Date "2011.02.05"]
[Round "8.11"]
[White "Tkachenko, Evgeny"]
[Black "Khairov, Alexey"]
[Result "1-0"]
[WhiteElo "1823"]
[BlackElo "1585"]
[PlyCount "112"]
[EventDate "2011.01.29"]
[EventType "swiss"]
[EventRounds "9"]
[EventCountry "RUS"]
[SourceTitle "EXT 2022"]
[Source "ChessBase"]
[SourceDate "2021.10.06"]
[SourceVersion "1"]
[SourceVersionDate "2021.10.06"]
[SourceQuality "1"]

1. e4 c6 2. d4 d5 3. Nc3 dxe4 4. Nxe4 Bf5 5. Ng3 Bg6 6. Nf3 Nd7 7. Bd3 Bxd3 8. Qxd3 Ngf6 9. 0-0 e6 10. Bf4 Be7 11. c4 0-0 12. Rad1 Rc8 13. Ne4 Nxe4 14. Qxe4 Nf6 15. Qd3 Bd6 16. Be5 Bxe5 17. dxe5 Qxd3 18. Rxd3 Ne8 19. Rd7 Nc7 20. Rfd1 b5 21. b3 a5 22. Nd4 bxc4 23. Nxc6 Nd5 24. bxc4 Rxc6 25. cxd5 exd5 26. R7xd5 a4 27. R5d4 Ra6 28. Kf1 g5 29. Rd8 Ra5 30. Rxf8+ Kxf8 31. Rd4 Ke7 32. g3 f6 33. exf6+ Kxf6 34. Ke2 Ke5 35. Ke3 h5 36. f4+ Kf5 37. fxg5 Kxg5 38. h4+ Kf5 39. Rf4+ Kg6 40. a3 Ra7 41. Rf3 Ra5 42. Kd4 Rb5 43. Kc4 Re5 44. Kb4 Re4+ 45. Ka5 Rd4 46. Rf4 Rd3 47. g4 hxg4 48. Rxg4+ Kh5 49. Rxa4 Rh3 50. Kb5 Kg6 51. Kc5 Kf5 52. Kd6 Kf6 53. Rf4+ Kg6 54. a4 Ra3 55. Kc5 Kh5 56. Kb5 Rb3+ 1-0